000 01093cad a22001935a 4500
001 L157023
008 120814s2012 xxk f 000 0 eng d
035 _a(Sirsi) u157023
041 0 _aeng
110 2 _aUnited Kingdom
_bDepartment for Communities and Local Government
_94939
245 0 0 _aRenegotiation of Section 106 planning obligations
_bConsultation
_h[electronic resource]
260 _aLondon
_bDCLG
_c2012
520 _aInvites comments on the proposal to allow reconsideration of Section 106 planning obligations agreed in more buoyant market conditions. This was first proposed in the Government's housing strategy, 'Laying the Foundations: A Housing Strategy for England' (L154369). The consultation is aimed primarily at landowners, house builders and local authorities and the closing date for responses is 8 October 2012.
590 _aKA NTK
651 4 _aEngland
_y886-
690 _aResidential property
_96266
856 4 0 _uhttps://www.communities.gov.uk/documents/planningandbuilding/pdf/2196058.pdf
_zView the item free of charge at www.communities.gov.uk
942 _n0
999 _c114545
_d114545